|
|
|
|
| LEADER |
01691nam a2200313 a 4500 |
| 001 |
11253 |
| 003 |
BD-DhAAL |
| 008 |
090910s2001 bg ab 000 0 eng d |
| 010 |
|
|
|a 2002295358
|
| 020 |
|
|
|a 9847560099
|
| 040 |
|
|
|a DLC
|c DLC
|d BD-DhAAL
|
| 082 |
0 |
0 |
|a 306.095492
|
| 245 |
0 |
0 |
|a Chittagong Hill Tracts, state of environment /
|c edited by Quamrul Islam Chowdhury.
|
| 260 |
|
|
|a Dhaka :
|b Forum of Environmental Journalists of Bangladesh,
|c 2001.
|
| 300 |
|
|
|a viii, 147 pages :
|b color illustrations, 2 folded color maps ;
|c 22 cm.
|
| 520 |
|
|
|a Contributed articles.
|
| 541 |
1 |
|
|a Donated By Akbar Ali Khan
|e 11253, 41270
|
| 650 |
|
|
|a Social sciences.
|
| 651 |
|
0 |
|a Chittagong Hill Tracts (Bangladesh : Region)
|x Social conditions.
|
| 651 |
|
0 |
|a Chittagong Hill Tracts (Bangladesh : Region)
|x Economic conditions.
|
| 651 |
|
0 |
|a Chittagong Hill Tracts (Bangladesh : Region)
|x Environmental conditions.
|9 54474
|
| 700 |
1 |
|
|a Chowdhury, Quamrul Islam.
|9 46656
|
| 710 |
2 |
|
|a Forum of Environmental Journalists of Bangladesh.
|9 46657
|
| 852 |
4 |
|
|a Ayesha Abed Library
|c General Stacks
|
| 942 |
|
|
|2 ddc
|c BK
|
| 999 |
|
|
|c 4002
|d 4002
|
| 952 |
|
|
|0 0
|1 0
|2 ddc
|4 0
|6 306_095492000000000_CHI_2001
|7 0
|9 3691
|a BRACUL
|b BRACUL
|c GEN
|d 2009-10-01
|g 0.00
|l 5
|m 12
|o 306.095492 CHI
|p 3010011253
|r 2024-09-12
|s 2024-09-04
|t 1
|w 2009-10-01
|y BK
|x No price found in the accession register.
|
| 952 |
|
|
|0 0
|1 0
|2 ddc
|4 0
|6 306_095492000000000_CHI
|7 0
|9 43636
|a SCL
|b SCL
|c GEN
|d 2014-08-30
|l 0
|o 306.095492 CHI
|p 3020007668
|r 2014-09-01
|t 2
|w 2014-09-01
|y BK
|
| 952 |
|
|
|0 0
|1 0
|2 ddc
|4 0
|6 306_095492000000000_CHI
|7 1
|9 73739
|a BRACUL
|b BRACUL
|c AAKC
|d 2023-06-06
|e Donated By Akbar Ali Khan
|g 300.00
|l 0
|o 306.095492 CHI
|p 3010041270
|r 2023-06-06
|t 3
|w 2023-06-06
|y BK
|